Chapitre 3 suite - Statistiques

Statistiques générales
  • Ce quiz a été pris 10 fois
  • Le résultat moyen est 2 sur 8
Statistiques - réponses
Par images Réponse % Correct
cv
100%
lettre de motivation
70%
entretien telephonique
10%
entretien collectif
0%
entretien individuel
0%
guide d'entretien
0%
matrice multicritere
0%
phase d'integration
0%
Aucun quiz correspondant
Distribution des résultats
% des personnes avec chaque résultat
Percentile par nombre de réponses
Votre historique - résultats
Vous n’avez pas pris ce quiz